<?xml version="1.0" encoding="UTF-8"?>
<collection xmlns="http://www.loc.gov/MARC21/slim">
 <record>
  <leader>00406nam a22001335a 4500</leader>
  <controlfield tag="001">EUN.um050954</controlfield>
  <controlfield tag="008">041125s1964####ag############000#0#spa#d</controlfield>
  <controlfield tag="005">20200402173621.0</controlfield>
  <datafield tag="245" ind1="1" ind2="0">
   <subfield code="a">Norte pencoso /</subfield>
   <subfield code="c">Jorge W. Abalos.</subfield>
  </datafield>
  <datafield tag="260" ind1=" " ind2=" ">
   <subfield code="a">Buenos Aires :</subfield>
   <subfield code="b">Losada,</subfield>
   <subfield code="c">1964.</subfield>
  </datafield>
  <datafield tag="300" ind1=" " ind2=" ">
   <subfield code="a">122 p.</subfield>
  </datafield>
  <datafield tag="100" ind1="1" ind2=" ">
   <subfield code="a">Ábalos, Jorge Washington,</subfield>
   <subfield code="d">1915-1979.</subfield>
  </datafield>
  <datafield tag="082" ind1="0" ind2="4">
   <subfield code="a">A863.4</subfield>
  </datafield>
  <datafield tag="859" ind1=" " ind2=" ">
   <subfield code="a">Ar-BaUNS</subfield>
   <subfield code="b">BIB. CENTRAL - Sector C</subfield>
   <subfield code="h">A863.4</subfield>
   <subfield code="i">Ab16</subfield>
   <subfield code="p">D2202/965</subfield>
  </datafield>
 </record>
</collection>
